000 00573nam a2200181Ia 4500
008 090630s9999 xx 000 0 und d
082 _b639
100 _aकेळकर न. चि.
245 _aगावरान गीता.
_cकेळकर न. चि.
260 _bकेळकर न. चि.
_c1944
300 _a114
600 _aकेळकर न. चि.
630 _aगावरान गीता.
655 _aधार्मिक.
700 _aकेळकर न. चि.
730 _aगावरान गीता.
942 _cBOOK
999 _c252495
_d252495